Thy neighbor's wife ; twelve original variations on the theme of adultery /

Bibliographic Details
Main Author: Turner, James, 1909-1975
Other Authors: Val Baker, Denys, 1917-1984
Format: Book
Language:English
Published: New York : Stein and Day, [1968]
Subjects:

MARC

Tag First Indicator Second Indicator Subfields
LEADER 00000cam a22000001 4500
001 in00000464591
005 20170209105321.0
008 700914c19681964nyu 00011 eng
010 |a  68017322  
035 |a (OCoLC)00439902 
035 |9 ACB0066AM 
040 |a DLC  |c DLC  |d TXA  |d UtOrBLW 
049 |a TXAM  |c [1374530] 
090 |a PR6039.U64  |b N45 
100 1 |a Turner, James,  |d 1909-1975. 
245 1 0 |a Thy neighbor's wife ;  |b twelve original variations on the theme of adultery /  |c by Denys Val Baker [and others] Edited by James Turner. 
264 1 |a New York :  |b Stein and Day,  |c [1968] 
264 4 |c [©1964] 
300 |a 196 pages ;  |c 22 cm. 
336 |a text  |b txt  |2 rdacontent 
337 |a unmediated  |b n  |2 rdamedia 
338 |a volume  |b nc  |2 rdacarrier 
650 0 |a Adultery  |v Fiction. 
700 1 |a Val Baker, Denys,  |d 1917-1984. 
999 |a MARS 
999 f f |s a9c3b726-b669-3936-aa58-518f7324333e  |i 3980c8fa-e4bb-3b20-88ae-435d69a9fb64  |t 0 
952 f f |p ric  |a Texas A&M University  |b Rellis Campus  |c Joint Library Facility  |d Remote Storage  |t 0  |e PR6039.U64 N45  |h Library of Congress classification  |i unmediated -- volume  |m A14804192521 
998 f f |a PR6039.U64 N45  |t 0  |l Remote Storage